=LDR 00000nam 2200000 4500 =001 INLIS000000000042782 =005 20131008015606 =008 ***********************************Ind** =035 ##$$a0010-101300000000704 =041 ##$$a Ind =082 ##$$a 616.91 =090 ##$$a 616.91, Soe p =100 ##$$a Soedarto =245 ##$$a Penyakit menular di indonesia, Soedarto =260 ##$$a 2009 $b Jakarta =300 ##$$a x11, 255 hlm., ilus, 21 cm =650 ##$$a Penyakit Berjangkit =850 ##$$a NBPNMAT =990 ##$$a 21195071/BPAP-NTB/2014 =990 ##$$a 0001/BPAP-NTB/20142014 =990 ##$$a 0001/BPAP-NTB/20142014 =990 ##$$a 0001/BPAP-NTB/20142014